000 00768nam a2200241 4500
001 15674
010 _a9789895643462
021 _b478393/20
090 _a15674
100 _a20210602d2021 d y0pory50030103ba
200 1 _aSer pequeno na cidade
_fSydney Smith
_gtrad. Susana Cardoso Ferreira
205 _a1ª ed.
210 9 _aAmadora
_cFábula,
_d2021
215 _a[40] p.
_cil.
_d29 cm
304 _aTít. orig.: Small in the city
675 _a087.5
_vBN
_zpor
675 _a821.111(71)-93"20"
_vBN
_zpor
675 _a821.111(71)-34"20"
_vBN
_zpor
700 1 _95
_aSmith,
_bSydney
702 1 _aFerreira,
_bSusana Cardoso,
_f1972-
801 0 _aPT
_bBN
_gRPC
856 4 1 _uhttp://rnod.bnportugal.gov.pt/ImagesBN/winlibimg.aspx?skey=&doc=2071746&img=152219&save=true
990 _cLIVROS